000 01656nam0a22003251 4500
001 rc\4800124
005 20250612185403.0
021 _aRU
_b[67-94727]
035 _a(NLR Aleph) 008792165
090 _a8048174
_c8048174
100 _a20130426d1967 |||y0rusy50 ca
101 1 _arus
_ctat
102 _aRU
105 _aa z |||||
200 1 _aПробуждение
_f[Пер. с татар. Г. Политыко
_gПредисл. Р. Мустафина
_gИл.: А. и П. Борисовы
210 _aМосква
_cСов. Россия
_d1967
215 _a187 с.
_cил.
_d20
225 1 _a[Романы, повести, рассказы Советской России]
327 1 _aСодерж.: Повести: Пробуждение; За околицей у ворот; Рассказы: Неиграная скрипка; Рыжий жеребец; Гусята; Дом у моста; Аниса; После женитьбы
464 0 _12001#$aПробуждение$eПовесть$aЗа околицей у ворот$eПовесть$aНеиграная скрипка$eРассказ$aРыжий жеребец$eРассказ$aГусята$eРассказ$aДом у моста$eРассказ$aАниса$eРассказ$aПосле женитьбы$eРассказ
_tПосле женитьбы
700 1 _aШабай
_bМ.
_f1913-1963
_gМин
702 1 _aМустафин
_bР.
_4080
702 1 _aБорисов
_bА.
_4440
702 1 _aБорисов
_bП.
_4440
702 1 _aПолитыко
_bГ.
_4730
801 0 _aRU
_bNLR
_gpsbo
801 1 _aRU
_bELAR
_2rusmarc
852 _aNLR
_j68-3/120
942 _cBOOK
980 _aNB